000 00595nam a22001937a 4500
008 150515b xxu||||| |||| 00| 0 eng d
020 _a9780073376240 (alk. paper)
020 _a0073376248 (alk. paper)
041 _aeng
080 0 0 _a681.324
100 1 _aLin, Ying-Dar.
245 1 0 _aComputer networks :
_cYing-Dar Lin, Ren-Hung Hwang, Fred Baker.
260 _aNew York, NY :
_bMcGraw-Hill,
_c2012.
300 _a744 f.:
_bme il.;
_c24 cm.
505 _aIndex: f. 723-744
650 0 _aRrjetat kompjuterike
650 0 _aProgramet kompjuterike
942 _2udc
_cBK
999 _c764
_d764